Score 0/22 Timer 03:00
2 Plays Today
Two Clues 'L' Word % Correct
Gaga or GodivaLady
98.4%
Simba or ScarLion
98%
da Vinci or DiCaprioLeonardo
96.9%
Byron or VoldemortLord
93.8%
Romaine or IcebergLettuce
90.8%
Gehrig or CostelloLou
90.7%
B or QLetter
89.6%
Trevino or Harvey OswaldLee
88.7%
Erie or ChamplainLake
87%
Ness or LomondLoch
86.3%
Calamine or suntanLotion
86.1%
Two Clues 'L' Word % Correct
Lohan or DavenportLindsay
85.9%
Pad or combinationLock
85.1%
Driver's or huntingLicense
84.6%
Atticus Finch or Perry MasonLawyer
84.2%
Suitcase or garment bagLuggage
82.8%
Armstrong or BassLance
82%
French or signLanguage
72.5%
Liu or Van PeltLucy
69.4%
Tiffany or deskLamp
69.1%
Step or extensionLadder
65.5%
King or BirdLarry
59%
Remove Ads.
Support Sporcle.
Get the best of Sporcle when you Go Orange. This ad-free experience offers more features, more stats, and more fun while also helping to support Sporcle. Thank you for becoming a member.

You're not logged in!

Compare scores with friends on all Sporcle quizzes.
OR
Log In

Show Comments

Extras

Top Quizzes Today


Score Distribution

Your Account Isn't Verified!

In order to create a playlist on Sporcle, you need to verify the email address you used during registration. Go to your Sporcle Settings to finish the process.

Report this User

Report this user for behavior that violates our Community Guidelines.

Details: